| 000 | 00835nas a2200253 4500 | ||
|---|---|---|---|
| 001 | BR9202938 | ||
| 003 | BR-BrBNA | ||
| 005 | 20231205092559.0 | ||
| 007 | ta | ||
| 008 | 230509b bl.|||p| |||| 00| 00por d | ||
| 040 |
_aBR-BrBNA _bpor _cBiblioteca Nacional de Agricultura |
||
| 041 | _a(Pt) | ||
| 072 | _aQ03 | ||
| 100 | 1 | _aZamboni, C. de Q. | |
| 100 | 1 | _aAlves, H.I. | |
| 100 | 1 | _aAtui, M.B. | |
| 245 | 1 | _aVerificacao das condicoes higienicas de produtos de confeitaria | |
| 246 | 1 | _a[Verification of sanitary quality of bakery products! | |
| 650 | _aPRODUTO DE PANIFICACAO | ||
| 650 | _aINSPECAO SANITARIA | ||
| 773 | 0 |
_tBoletim do Centro de Pesquisa e Processamento de Alimentos (Brazil) _xISSN 0102-0323 _g(Jan-Jun 1990), v. 8(1) p. 18-22 _wBR9202938 |
|
| 909 |
_a202311 _bLúcia _c55 _dLúcia Elande |
||
| 942 |
_2AGRIS _n0 _cANA |
||
| 999 |
_c132638 _d132638 |
||